| 000 | 01375nac a22003491i 4500 | ||
|---|---|---|---|
| 003 | EG-ScBUE | ||
| 005 | 20240602115552.0 | ||
| 008 | 240602s2004 nyub f b 001 0 eng d | ||
| 020 | _a1403971447 | ||
| 040 |
_aEG-ScBUE _beng _erda _cEG-ScBUE _dEG-ScBUE |
||
| 043 | _aa-iq--- | ||
| 082 | 0 | 4 |
_a956.70443 _bAND _222 |
| 100 | 1 |
_aAnderson, Liam D., _eauthor. |
|
| 245 | 1 | 4 |
_aThe future of Iraq : _bdictatorship, democracy, or division? / _cLiam Anderson and Gareth Stansfield. |
| 250 | _aUpdated edition. | ||
| 264 | 1 |
_aNew York, N.Y. : _bPalgrave Macmillan, _c2004. |
|
| 300 |
_ax, 260 pages : _bmaps ; _c25 cm |
||
| 336 |
_2rdacontent _atext _btxt |
||
| 337 |
_aunmediated _2rdamedia _bn |
||
| 338 |
_avolume _bnc _2rdacarrier |
||
| 504 | _aIncludes bibliographical references and index. | ||
| 650 | 7 |
_aIraq War, 2003- _2BUEsh |
|
| 650 | 7 |
_aDemocracy _zIraq. _2BUEsh |
|
| 651 | 7 |
_aIraq _xPolitics and government _y1958- _2BUEsh |
|
| 651 | 7 |
_aIraq _xEthnic relations. _2BUEsh |
|
| 655 | _vReading book | ||
| 700 | 1 |
_aStansfield, Gareth R. V., _eauthor. |
|
| 856 | 4 | 2 |
_3Contributor biographical information _uhttp://www.loc.gov/catdir/bios/hol053/2003058846.html |
| 856 | 4 | 2 |
_3Publisher description _uhttp://www.loc.gov/catdir/description/hol041/2003058846.html |
| 856 | 4 | 2 |
_3Table of contents _uhttp://www.loc.gov/catdir/toc/hol041/2003058846.html |
| 942 |
_cNB _2ddc |
||
| 999 |
_c4932 _d4932 |
||